| 000 | 00997nam a2200229Ii 4500 | ||
|---|---|---|---|
| 003 | JO-AjNU | ||
| 008 | 230605s9999||||xx |||||||||||||| ||und|| | ||
| 017 | _a86/5525 | ||
| 020 | _a997-103-294-1 | ||
| 040 |
_aJO-AjNU _bara _erda _cJO-AjNU |
||
| 041 | _aara | ||
| 050 | 1 | 4 | _aKRM858.Q87.1987 |
| 100 | 3 |
_a قرة، فتيحة , _eauthor _946992 |
|
| 245 | 0 | 0 | _aأحكام عقد المقاولة : دراسة فقهية قضائية للعقد في القانون المدني والتجاري وتطبيقات عملية لاهم عقود المقاولة مدعمة بكافة أحكام محكمة النقض الصادرة في هذا الشان في 55 عاما |
| 250 | _a(د،ط) | ||
| 264 | 3 | 1 | _aالاسكندرية : منشأة المعارف ، 1987 |
| 300 | _a465ص | ||
| 336 |
_atext _btxt _2rdacontent |
||
| 337 |
_aunmediated _bn _2rdamedia |
||
| 338 |
_avolume _bnc _2rdacarrier |
||
| 650 | 4 |
_aعقود المقاولة -- العقود (قانون مدني) -- مصر _946993 |
|
| 999 |
_aA20483 _c24051 _d24051 |
||